Alimentación : salvemos nuestra tierra /

Guardado en:
Formato: Libro
Publicado: Buenos Aires : Arte gráfico, 2011
Materias:
Etiquetas: Agregar Etiqueta
Sin Etiquetas, Sea el primero en etiquetar este registro!
LEADER 00892nam a22003015a 4500
001 CEM.cems018343
005 20141015034812.0
008 130507s2011##################000#0#####d
003 CEMS
020 |a 9789870715306 
082 0 4 |a FC574.5 
245 0 0 |a Alimentación :  |b salvemos nuestra tierra /  |c Edición Literaria A Cargo de Antonio Alemán 
260 |a Buenos Aires :  |b Arte gráfico,  |c 2011 
300 |a 58 p. 
653 |a Ecología 
653 |a Medio ambiente 
653 |a Técnicas agrícolas 
653 |a Plantas transgénicas 
653 |a Monocultivos 
653 |a Degradación de suelos 
653 |a Desnutrición 
653 |a Biopesticidas 
653 |a Fertilizantes 
653 |a Nueva agricultura 
653 |a Alimentos orgánicos 
653 |a Hábitos alimentarios 
653 |a Dieta saludable 
859 |a CEMS  |b BIB. CEMS - Agricultura  |h FC574.5  |i 9  |p A0103.44  |t Ej.1